<?xml version="1.0" encoding="UTF-8"?>
<record
    xmlns:xsi="http://www.w3.org/2001/XMLSchema-instance"
    xsi:schemaLocation="http://www.loc.gov/MARC21/slim http://www.loc.gov/standards/marcxml/schema/MARC21slim.xsd"
    xmlns="http://www.loc.gov/MARC21/slim">

  <leader>01247nam a2200289uu 4500</leader>
  <controlfield tag="001">1478507</controlfield>
  <controlfield tag="005">20260508092216.0</controlfield>
  <controlfield tag="008">171108s2014                        spa  </controlfield>
  <datafield tag="020" ind1=" " ind2=" ">
    <subfield code="a">9789588832760</subfield>
  </datafield>
  <datafield tag="035" ind1=" " ind2=" ">
    <subfield code="a">1478507</subfield>
  </datafield>
  <datafield tag="040" ind1=" " ind2=" ">
    <subfield code="c">comduadb</subfield>
  </datafield>
  <datafield tag="041" ind1=" " ind2=" ">
    <subfield code="a">spa</subfield>
  </datafield>
  <datafield tag="082" ind1=" " ind2="4">
    <subfield code="a">371</subfield>
  </datafield>
  <datafield tag="100" ind1="1" ind2="0">
    <subfield code="a">Casta&#xF1;o Tamara, Ricardo</subfield>
    <subfield code="4">aut</subfield>
    <subfield code="e">aut</subfield>
    <subfield code="9">301781</subfield>
  </datafield>
  <datafield tag="245" ind1="1" ind2="0">
    <subfield code="a">J&#xF3;venes, conflicto y memoria escolar</subfield>
  </datafield>
  <datafield tag="250" ind1=" " ind2=" ">
    <subfield code="a">1. edici&#xF3;n</subfield>
  </datafield>
  <datafield tag="260" ind1=" " ind2=" ">
    <subfield code="a">Bogot&#xE1; :</subfield>
    <subfield code="b">Universidad Distrital Francisco Jos&#xE9; de Caldas. Centro de Investigaciones y Desarrollo Cient&#xED;fico,</subfield>
    <subfield code="c">2014.</subfield>
  </datafield>
  <datafield tag="300" ind1=" " ind2=" ">
    <subfield code="a">118 p&#xE1;ginas</subfield>
  </datafield>
  <datafield tag="490" ind1="0" ind2=" ">
    <subfield code="a">Ciudadan&#xED;a y democracia</subfield>
  </datafield>
  <datafield tag="505" ind1=" " ind2=" ">
    <subfield code="a">CONTENIDO : Notas para una valoraci&#xF3;n de la violencia escolar. -- Exclusi&#xF3;n, pobreza y deserci&#xF3;n escolar. -- Historia oral y memoria escolar. -- Recuerdos de la escuela primaria, a comienzos de los setenta. -- Historia escolar. -- Las excusas de la carta a un maestro senil. -- Carta a un maestro senil.</subfield>
  </datafield>
  <datafield tag="650" ind1=" " ind2="7">
    <subfield code="a">Violencia en la educaci&#xF3;n</subfield>
    <subfield code="2">lemb</subfield>
    <subfield code="9">197290</subfield>
  </datafield>
  <datafield tag="650" ind1=" " ind2="7">
    <subfield code="a">Deserci&#xF3;n escolar</subfield>
    <subfield code="2"></subfield>
    <subfield code="9">58581</subfield>
  </datafield>
  <datafield tag="650" ind1=" " ind2="7">
    <subfield code="a">Juventud</subfield>
    <subfield code="x">Aspectos sociales</subfield>
    <subfield code="2">lemb</subfield>
    <subfield code="9">218350</subfield>
  </datafield>
  <datafield tag="650" ind1=" " ind2="7">
    <subfield code="a">Sociolog&#xED;a de la educaci&#xF3;n</subfield>
    <subfield code="2">embne</subfield>
    <subfield code="9">137011</subfield>
  </datafield>
  <datafield tag="700" ind1="1" ind2="0">
    <subfield code="a">Mesa Monta&#xF1;a, Efr&#xE9;n</subfield>
    <subfield code="4">aut</subfield>
    <subfield code="e">aut</subfield>
    <subfield code="9">761963</subfield>
  </datafield>
  <datafield tag="942" ind1=" " ind2=" ">
    <subfield code="c">BOOK</subfield>
  </datafield>
  <datafield tag="999" ind1=" " ind2=" ">
    <subfield code="c">769949</subfield>
    <subfield code="d">769949</subfield>
  </datafield>
  <datafield tag="952" ind1=" " ind2=" ">
    <subfield code="0">0</subfield>
    <subfield code="1">0</subfield>
    <subfield code="4">0</subfield>
    <subfield code="7">0</subfield>
    <subfield code="8">GENERAL</subfield>
    <subfield code="a">ANDES</subfield>
    <subfield code="b">ANDES</subfield>
    <subfield code="d">2017-11-08</subfield>
    <subfield code="e">El Bibliotec&#xF3;logo</subfield>
    <subfield code="g">12000.00</subfield>
    <subfield code="i">C1272735</subfield>
    <subfield code="l">0</subfield>
    <subfield code="o">371.7 C346</subfield>
    <subfield code="p">1044250</subfield>
    <subfield code="r">2023-05-04 00:00:00</subfield>
    <subfield code="t">1</subfield>
    <subfield code="w">2023-05-04</subfield>
    <subfield code="y">BOOK</subfield>
  </datafield>
</record>
